000 00639nam a2200193Ia 4500
003 GCL
008 140319s9999 xx 000 0 ara d
040 _aGCL /
_cGCL
082 0 4 _a863.009
_bغ د
100 1 _aغبريال وهبة
245 1 0 _aدون كيشوت بين الوهم والحقيقة /
_cغبريال وهبة
260 _a[S.N] :
_bالهيئة المصرية العامة للكتاب ،
_c1989
300 _a167 ص
490 _aدراسات ادبية
_v0
650 0 4 _aالادب الاسبانى
650 0 4 _aالقصص الاسبانية المترجمة
650 0 4 _aتاريخ ونقد
942 _2ddc
_cBK
999 _c27537
_d27537